000 00408nam a2200145Ia 4500
008 210210b2004 xxu||||| |||| 00| 0 eng d
020 _a81 314 0295 9
082 _a658 ICFI
100 _aICFAI.
245 _aIntroduction to management: for undergraduate programs work book.
260 _aHyderabad
_bICFAI Center for Management Research
_c2004
300 _a89
690 _aManagement
906 _a061689
999 _c108451
_d108451